| 000 | 00452 a2200181 4500 | ||
|---|---|---|---|
| 005 | 20240401120710.0 | ||
| 008 | 240328b |||||||| |||| 00| 0 eng d | ||
| 020 |
_a9789393525260 _cRs. 750.00 |
||
| 040 | _aMAIN | ||
| 082 |
_a657.48 _bS23F |
||
| 100 | _aSwamy, Ranjan | ||
| 245 | _aFinancial accounting | ||
| 260 |
_bArihant Books _aNew Delhi _c2023 |
||
| 300 | _avi, 284 | ||
| 650 | _aFinancial Accounting | ||
| 650 | _aManagement | ||
| 942 | _cBK | ||
| 999 |
_c309400 _d309400 |
||